000 02162nam a2200469 a 4500
001 ebr10522056
003 CaPaEBR
006 m u
007 cr cn|||||||||
008 110729s2011 enk sb 001 0 eng d
010 _z 2011287048
020 _z9781848854581 (hbk.)
020 _z1848854587 (hbk.)
020 _z9781848854598 (pbk.)
020 _z1848854595 (pbk.)
020 _z9780857720603 (e-book)
040 _aCaPaEBR
_cCaPaEBR
035 _a(OCoLC)776262666
043 _ae------
_aa-tu---
050 1 4 _aKJE5092.T9
_bB64 2011eb
082 0 4 _a341.242209561
_222
100 1 _aBogdani, Mirela.
245 1 0 _aTurkey and the dilemma of EU accession
_h[electronic resource] :
_bwhen religion meets politics /
_cMirela Bogdani.
246 3 _aTurkey and the dilemma of European Union accession
260 _aLondon :
_bI.B. Tauris,
_c2011.
300 _axii, 228 p.
490 1 _aLibrary of European studies ;
_v16
504 _aInclude bibliographical references (p. [181]-222) and index.
505 0 _aThe revival of religion in world and European politics -- Turkey and the European Union -- The compatibility of Islam with democracy -- What place do religion and culture have in the debate on Turkish candidacy? -- Reasons for the increase of European opposition since 2001.
533 _aElectronic reproduction.
_bPalo Alto, Calif. :
_cebrary,
_d2013.
_nAvailable via World Wide Web.
_nAccess may be limited to ebrary affiliated libraries.
610 2 0 _aEuropean Union
_zTurkey.
650 0 _aIslam and politics
_zTurkey.
651 0 _aTurkey
_xForeign economic relations
_zEuropean Union countries.
651 0 _aEuropean Union countries
_xForeign economic relations
_zTurkey.
651 0 _aTurkey
_xForeign relations
_zEuropean Union countries.
651 0 _aEuropean Union countries
_xForeign relations
_zTurkey.
651 0 _aEurope
_xEconomic integration.
655 7 _aElectronic books.
_2local
710 2 _aebrary, Inc.
830 0 _aLibrary of European studies ;
_v16.
856 4 0 _uhttp://site.ebrary.com/lib/rucke/Doc?id=10522056
_zAn electronic book accessible through the World Wide Web; click to view
999 _c238360
_d238360